V sporakh o sudʹbakh sot︠s︡ializma v Rossii : publit︠s︡isticheskai︠a︡ polemika /

Bibliographic Details
Main Author: Chebykin, V. A. (Vladimir Akimovich)
Other Authors: Zhirkov, G. V. (Gennadiĭ Vasilʹevich)
Format: Book
Language:Russian
Published: Astrakhanʹ : Izd-vo Astrakhanskogo pedagog. in-ta, 1993.
Subjects:

MARC

Tag First Indicator Second Indicator Subfields
LEADER 00000aam a2200000 a 4500
001 in00001998366
005 20151031114427.0
008 951003s1993 ru b 000 0 ruso
010 |a  95210610  
020 |a 5882000181 
035 |a (OCoLC)ocm34281749 
040 |a DLC  |c DLC  |d TXA  |d UtOrBLW 
043 |a e-ur--- 
049 |a TXAM 
050 0 0 |a HX314  |b .C4 1993 
100 1 |a Chebykin, V. A.  |q (Vladimir Akimovich) 
245 1 0 |a V sporakh o sudʹbakh sot︠s︡ializma v Rossii :  |b publit︠s︡isticheskai︠a︡ polemika /  |c V.A. Chebykin ; pod redakt︠s︡ieĭ G.V. Zhirkova. 
264 1 |a Astrakhanʹ :  |b Izd-vo Astrakhanskogo pedagog. in-ta,  |c 1993. 
300 |a 163 pages ;  |c 20 cm. 
336 |a text  |b txt  |2 rdacontent 
337 |a unmediated  |b n  |2 rdamedia 
338 |a volume  |b nc  |2 rdacarrier 
500 |a At head of title: Astrakhanskiĭ Ordena "Znak Pocheta" gosudarstvennyĭ pedagogicheskiĭ institut imeni S.M. Kirova. Oblastnoĭ fond zashchity pami︠a︡ti V.I. Lenina. 
504 |a Includes bibliographical references. 
650 0 |a Socialism  |z Soviet Union  |x History. 
651 0 |a Soviet Union  |x Politics and government  |y 1917-1936. 
700 1 |a Zhirkov, G. V.  |q (Gennadiĭ Vasilʹevich) 
948 |a cataloged  |b h  |c 2004/9/27  |d c  |e spoltoratski  |f 1:36:13 pm 
994 |a E0  |b TXA 
999 |a MARS 
999 f f |s a4ea325a-0e97-326d-a49f-083ce85648cc  |i cc3f1c32-5900-34f2-a844-ca559c3c1ca9  |t 0 
952 f f |p normal  |a Texas A&M University  |b College Station  |c Sterling C. Evans Library  |d Evans: Library Stacks  |t 0  |e HX314 .C4 1993  |h Library of Congress classification  |i unmediated -- volume  |m A14832242677 
998 f f |a HX314 .C4 1993  |t 0  |l Evans: Library Stacks